[Event "Irish Championship 2020"]
[Site "Dublin"]
[Date "2020.08.02"]
[Round "1.13"]
[White "Flynn, Jacob"]
[Black "Moran, Darragh"]
[Result "0-1"]
[WhiteElo "2114"]
[BlackElo "1873"]
[Annotator "TA"]
[PlyCount "194"]
[EventDate "2020.08.01"]
[EventType "swiss"]
[EventCountry "IRL"]
[SourceTitle "playchess.com"]
[Source "ChessBase"]
[SourceQuality "1"]

{[%evp 20,194,15,-21,16,7,36,37,22,37,18,16,0,0,16,0,0,-1,42,12,115,-8,0,-29,-4,-43,-22,-29,60,32,124,50,26,12,67,-9,-9,-10,-10,-5,-18,-25,-4,-12,-10,-66,-64,-76,-64,-101,-97,-97,-101,-103,-73,-85,-87,-90,-43,-51,-43,-49,0,0,0,0,0,-105,-105,-125,-123,-123,-124,-131,-112,-104,-29,-26,-31,-116,-105,-118,-116,-116,-104,-151,-116,-116,-99,-97,0,-116,-116,-116,-102,-102,-102,-116,-115,-231,-221,-233,-111,-111,-111,-111,-110,-110,-109,-532,-431,-418,-418,-416,-416,-731,-583,-573,-554,-708,-698,-693,-681,-642,-604,-556,-541,-684,-673,-719,-724,-732,-660,-635,-660,-860,-833,-1370,-1386,-2142,-1901,-3331,-3037,-2904,-2693,-1528,-1185,-2085,-1737,-29985,-29986,-29986,-29987,-29991,-29992,-29996,-29987,-29987,-29988,-29988,-29983,-29992,-29990,-29991,-29992,-29993,-29994,-29997,-29994,-29997,-29993,-29996,-29997,-29997,-29996,-29998,-5156]} 1. d4 e6 2. c4 Nf6 3. Nf3 d5 4. Nc3 c5 5. cxd5 Nxd5 6. e3 cxd4 7. exd4 Be7 8. Bd3 O-O 9. O-O Nc6 10. a3 Bf6 11. Bc2 g6 {D42: Queen's Gambit Declined: Semi-Tarrasch: 5 cxd5 Nxd5 6 e3 Nc6 7 Bd3 .} 12. Re1 Re8 13. Ne4 Bg7 {White is slightly better.} 14. Bg5 {[#]} Qb6 $146 {[%cal Rc6d4]} ({Predecessor:} 14... Nce7 15. Rc1 h6 16. Bh4 g5 17. Bg3 f5 18. Nd6 f4 19. Nxe8 Qxe8 20. Ne5 fxg3 21. hxg3 {0-1 (31) Post,H (1682)-Suvorov,L (1777) Verden 2014}) 15. Nd6 Rf8 {[%cal Rc6d4]} 16. Nc4 Qc7 17. Bb3 b5 18. Nce5 $36 {[%mdl 2048] White has the initiative.} Nce7 {Black wants to play ...f6.} 19. Ng4 h5 (19... f6 $11 {keeps the balance.} 20. Rc1 Qd6) 20. Ne3 (20. Rc1 $16 Qd6 21. Nh6+ Bxh6 22. Bxh6) 20... Bb7 $11 21. Qe2 Qb6 22. Rad1 Rac8 23. Ne5 {Threatens to win with Nd7.} Qd6 (23... Rc7 $11) 24. Qxb5 {aiming for Bxd5.} Ba6 (24... Rb8 $14) 25. Bxe7 (25. Qa4 $16) 25... Nxe7 $14 26. Qa4 {Nd7 is the strong threat.} Rfd8 (26... Rc7 $11) 27. N3c4 ({White should try} 27. N3g4 $14 Nd5 28. Bxd5 exd5 29. Ne3) 27... Bxc4 $1 $11 28. Bxc4 Qb6 29. Bb3 Rb8 30. Rd3 Qb5 31. Qxb5 Rxb5 32. Nf3 ({White should play} 32. d5 $11) 32... Rdb8 $15 33. Bc4 Rxb2 34. d5 Nxd5 35. Bxd5 exd5 36. Rxd5 R2b3 37. a4 Ra3 38. Rd7 Rxa4 39. g3 $1 Bf6 40. Rc1 Rb3 41. Kg2 Raa3 42. Nd2 Rd3 43. Rc8+ (43. Ne4 $11 Kg7 44. Nd6) 43... Kg7 $17 44. Rcc7 Rxd7 45. Rxd7 {[%mdl 4096] Endgame KRB-KRN} Ra4 46. Nb3 Rb4 47. Nc5 {[#]} a5 (47... Rc4 $1 $17 {[%cal Rc4c5]} 48. Nb3 a6) 48. Ra7 $11 Rb5 49. Ne4 (49. Ne6+ $1 $15 Kg8 50. Ra8+ Kh7 51. Ra7) 49... Rd5 $17 50. h4 Bd4 51. Ra6 Re5 52. Ng5 Rf5 53. Nf3 Bc3 54. Ng5 Bd4 55. Nf3 Bf6 56. Nd2 Re5 57. Nc4 Re2 58. Kf3 Rc2 59. Ne3 {[#]} (59. Nd6 $17 Bd4 60. Rxa5) 59... Ra2 $1 $19 60. Nc4 Bd4 (60... Bc3 $19 {and Black stays clearly on top. White must now prevent ...Be1.} 61. Nd6 Be1) 61. Rxa5 $17 Rxf2+ 62. Ke4 Bf6 63. Ra3 Be7 64. Rf3 $2 {[%mdl 8192] White does not recover from this.} (64. Ra7 $17 Re2+ 65. Kf3) 64... f5+ $19 65. Ke3 Bc5+ 66. Kf4 {If only White now had time for Rxf2....} Rc2 67. Na5 (67. Ne3 $142 Bd6+ 68. Kg5) 67... Bd6+ 68. Ke3 Rg2 69. Nc4 Bxg3 70. Rf1 Bxh4 71. Rb1 Rg3+ 72. Ke2 Rg4 73. Ne3 Re4 {Hoping for ...Bg5.} 74. Kf3 Bf6 75. Rb7+ Re7 76. Rb1 h4 77. Rg1 {intending Nxf5+.} Kh6 78. Nd5 Re6 79. Nf4 Bd4 80. Rd1 Re3+ 81. Kg2 Rg3+ 82. Kh1 Be3 83. Ne2 Rf3 84. Rd3 Rf1+ {Black mates.} 85. Kg2 Rf2+ {[%mdl 64] Double Attack} 86. Kh3 Rxe2 {KRB-KR} 87. Rd8 Kg5 88. Rd2 Re1 89. Re2 Rg1 90. Ra2 Rg3+ 91. Kh2 Kg4 92. Ra4+ f4 93. Ra6 g5 94. Ra2 h3 95. Rg2 Rxg2+ 96. Kh1 Rg1+ 97. Kh2 Kh5 {Accuracy: White = 49%, Black = 72%.} (97... Kf3 $142 98. Kxh3 Rh1#) 0-1

[Event "Irish Championship 2020"]
[Site "Dublin"]
[Date "2020.08.02"]
[Round "1.14"]
[White "Putar, Lara"]
[Black "O'Connell, Gerard"]
[Result "1/2-1/2"]
[WhiteElo "1834"]
[BlackElo "2075"]
[Annotator "TA"]
[PlyCount "133"]
[EventDate "2020.08.01"]
[EventType "swiss"]
[EventCountry "IRL"]
[SourceTitle "playchess.com"]
[Source "ChessBase"]
[SourceQuality "1"]

{[%evp 12,133,40,-18,16,22,25,-13,-8,-26,-12,-20,-18,-23,-14,-54,-15,-22,-15,-19,-20,-27,-4,-16,-19,-19,-24,-18,-3,-5,-8,-20,-15,-47,-47,-84,-76,-123,0,-8,0,-21,-20,-48,13,10,42,40,65,66,56,43,131,46,76,27,23,18,35,0,47,-308,41,8,8,-355,-364,-343,-296,-378,-228,-296,-293,-291,-290,-306,-283,-272,-232,-270,-215,-250,-238,-268,-238,-236,-224,-286,-292,-302,-61,-64,-61,-75,-61,-57,-8,-8,-8,-32,0,0,0,0,0,0,0,0,0,0,0,0,0,0,0,-8,-8,-8,0,0,0,0,0,0]} 1. d4 Nf6 2. c4 g6 3. Nf3 Bg7 4. g3 d5 5. Bg2 O-O 6. O-O dxc4 7. Ne5 (7. Na3 $14) 7... Nbd7 {D77: Fianchetto Grünfeld: 6 0-0: Replies other than 6...c6.} 8. Nxc4 Nb6 9. Ne5 {[#]} Ng4 $146 ({Predecessor:} 9... c6 10. Nc3 Nfd5 11. Nf3 Nxc3 12. bxc3 Nd5 13. Bb2 Nb6 14. Qd3 Be6 15. Nd2 Bd5 16. e4 Be6 17. Rfd1 Na4 18. Ba3 {0-1 (28) Shalkhatsky,V (2257)-Dourerassou,J (2477) chess.com INT 2020}) 10. Nxg4 Bxg4 11. Bxb7 Rb8 12. Bg2 Qxd4 13. Qc2 Qc4 14. Nc3 Bxc3 15. Qxc3 Qxc3 16. bxc3 Na4 17. h3 Be6 18. Ba3 c5 19. Rfc1 Rfc8 20. Rc2 Rb6 21. Kh2 Rd8 22. Bc1 Rd1 23. e4 Bc4 24. Bf3 Rd8 (24... Re1 $17 25. Rd2 Rd6 26. Rxd6 exd6) 25. Be3 Kg7 26. Rcc1 Rb2 27. Bd1 Nb6 (27... Rd3 $15 28. Kh1 Nxc3 {[%mdl 64] Double Attack} 29. Bxc5 e5) 28. Bxc5 $11 Rdd2 29. Be3 $36 {[%mdl 2048] Black is under pressure.} Rd3 {And now ...Rxe3 would win.} 30. Bd4+ f6 {[#]} 31. Bb3 $1 {[%mdl 512]} Ba6 {[#]} (31... e5 $14 32. Bc5 Re2) (31... Bxb3 32. axb3) 32. Rd1 (32. e5 $1 $16) 32... e5 33. Rxd3 Bxd3 34. Be3 Bxe4 35. Re1 f5 36. Bc1 $2 {[%mdl 8192]} (36. c4 $14 {stays ahead.}) 36... Rb1 $2 (36... Rxf2+ $19 37. Kg1 Rg2+ {[%mdl 64] Double Attack} 38. Kf1 Rxg3 {[%mdl 64] Double Attack}) 37. f3 Bd3 38. a3 $2 {[%mdl 8192]} (38. Rd1 $11 {and White is okay.}) 38... Rxb3 $19 39. Rxe5 Rb1 40. Bg5 Kf8 41. Rc5 Rb2+ 42. Kg1 Ra2 43. Rc7 a6 44. Rxh7 Bc4 45. Rc7 Bb5 46. Bh6+ Ke8 47. Rg7 Rxa3 48. Rxg6 Nd5 49. Re6+ Kf7 50. Re5 Kg6 $2 ({Stronger than} 50... Rxc3 51. Rxd5 Rxf3 52. Bf4 $11) (50... Nxc3 $19 51. g4 Ra2) 51. Rxd5 $15 Kxh6 52. Rxf5 Rxc3 {[%mdl 4096] Endgame Threatens to win with ...Rb3. KRB-KR} 53. g4 Rc2 54. h4 Rb2 {next ...a5 is good for Black.} 55. Rf6+ Kg7 56. g5 {The position is equal.} a5 {White must now prevent ...a4.} 57. h5 $1 {[%cal Rh5h6] h6+ is the strong threat.} Be8 58. h6+ $1 Kh7 59. Ra6 Rb5 60. Ra7+ Kg8 61. f4 {aiming for Ra8.} Rf5 62. Ra8 Rf8 63. Rxa5 Rxf4 64. Ra8 Rg4+ 65. Kf2 Rxg5 66. Rxe8+ Kh7 67. Ke3 {Black had all chances to win. Accuracy: White = 62%, Black = 58%.} 1/2-1/2

[Event "Irish Championship 2020"]
[Site "Dublin"]
[Date "2020.08.02"]
[Round "1.15"]
[White "Jackson, Carl"]
[Black "Collins, Adam"]
[Result "1/2-1/2"]
[WhiteElo "2021"]
[BlackElo "1760"]
[Annotator "TA"]
[PlyCount "52"]
[EventDate "2020.08.01"]
[EventType "swiss"]
[EventCountry "IRL"]
[SourceTitle "playchess.com"]
[Source "ChessBase"]
[SourceQuality "1"]

{[%evp 9,52,-10,0,4,9,-5,17,14,60,33,44,21,50,1,103,-17,-21,-45,-38,-42,27,25,20,37,58,58,58,50,74,60,66,-8,0,0,-8,-20,0,0,0,0,0,0,0,0,0]} 1. b3 e5 2. Bb2 Nc6 3. e3 Nf6 4. Bb5 Bd6 5. Na3 Na5 6. Be2 {A01: Nimzowitsch-Larsen Opening.} a6 7. c4 Qe7 8. Nc2 O-O 9. Nf3 Nc6 {[#]} 10. O-O $146 ({Predecessor:} 10. d4 exd4 11. Nfxd4 Nxd4 12. Qxd4 Re8 13. Bf3 Be5 14. Qxe5 Qxe5 15. Bxe5 Rxe5 16. Ke2 {½-½ (28) Nikolovski,N (2293)-Kuzmanovic,S (2173) Paracin 2015}) 10... e4 11. Nh4 {Threatening Nf5.} g6 (11... Be5 $1 $11 {keeps the balance.} 12. Nf5 Qe8) 12. g3 ({Better is} 12. f4 $16) 12... Be5 $11 13. Bxe5 Nxe5 14. f4 Nd3 (14... Nc6 $15) 15. Bxd3 $1 exd3 16. Ne1 b6 17. Nxd3 Bb7 18. Ne5 Rad8 19. Rc1 c5 20. Ng4 (20. Qc2 $14) 20... Nxg4 {The position is equal.} 21. Qxg4 d5 22. Rf2 dxc4 23. Rxc4 Rxd2 {[%mdl 64] [#] Remove Defender, Decoy} (23... b5 $5 24. Rc3 $8 (24. Nf5 $2 Qe8 $19) 24... b4 $11) 24. Rxd2 Qxe3+ {[%mdl 64] Double Attack} 25. Rf2 Qe1+ 26. Rf1 Qe3+ {Accuracy: White = 68%, Black = 67%.} 1/2-1/2

[Event "Irish Championship 2020"]
[Site "Dublin"]
[Date "2020.08.02"]
[Round "1.16"]
[White "O'Connor, Jonathan"]
[Black "O'Gorman, Alice"]
[Result "1-0"]
[WhiteElo "2159"]
[BlackElo "1904"]
[Annotator "TA"]
[PlyCount "121"]
[EventDate "2020.08.01"]
[EventType "swiss"]
[EventCountry "IRL"]
[SourceTitle "playchess.com"]
[Source "ChessBase"]
[SourceQuality "1"]

{[%evp 18,121,6,7,12,13,0,5,26,18,20,19,24,21,87,102,151,127,122,0,72,65,89,99,117,102,148,182,254,62,77,33,40,0,41,35,42,34,150,70,72,56,59,28,24,32,269,266,760,753,657,66,72,44,105,106,102,107,106,89,101,53,76,67,89,81,100,99,101,93,133,120,117,101,125,127,125,122,133,137,137,138,150,147,201,187,651,657,596,422,369,0,581,566,765,765,1208,960,750,471,5123,5106,5073,5065,1413,968]} 1. d4 d5 2. c4 e6 3. g3 Nf6 4. Bg2 Bb4+ 5. Bd2 Be7 6. Nf3 O-O 7. O-O c6 8. Qc2 Nbd7 9. Bf4 b6 10. Rd1 Ba6 {E08: Closed Catalan: Main Line: 7 Qc2.} 11. Ne5 Nxe5 12. dxe5 Nd7 {The position is equal.} 13. cxd5 cxd5 14. e4 Rc8 15. Nc3 $36 {[%mdl 2048] White is more active.} g5 (15... d4 $1 $11 {keeps the balance.} 16. Rxd4 Qc7) 16. Be3 $16 Nxe5 {[#]} 17. Qa4 $146 ({Predecessor:} 17. exd5 Qd7 18. Bd4 Ng6 19. dxe6 Qxe6 20. Re1 Qg4 21. Rad1 Rc4 22. h3 Qc8 23. Qd2 {1-0 (30) Bindrich,F (2605)-Zhukova,N (2438) Caleta 2018}) 17... Rxc3 18. Qxa6 (18. bxc3 $16 Be2 19. exd5 (19. Qxa7 Bxd1 20. Bxb6 Qd7 $16)) 18... Rc7 (18... Rxe3 $11 {remains equal.} 19. fxe3 Ng4 20. exd5 Bc5) 19. exd5 Qc8 20. Qe2 Nc4 21. Bd4 {Threatens to win with Bh3.} Rd8 22. Bc3 {And now Bh3 would win.} b5 (22... e5 $142 23. b3 (23. Bxe5 Nxe5 24. Qxe5 f6 $16) 23... Nd6) 23. b3 $2 (23. Bh3 $18) 23... Ne3 $1 $14 {[%cal Re3d1]} 24. Ba5 (24. Qxe3 {is more complex.} Rxc3 25. Qxa7 Bc5 26. Qa5 Rc2 27. Rd2) 24... Nxd1 25. Bxc7 Qxc7 (25... Nc3 $5 {[%cal Rc3e2]} 26. Qe5 Rxd5 27. Qxc3 (27. Bxd5 Nxd5 28. Rc1 f6 $11) 27... Rc5 $17 {[%mdl 64] Double Attack}) 26. Rxd1 exd5 27. Bxd5 Qc5 {[#]} (27... Kg7 $14) 28. Qf3 (28. Qe5 $1 $16) 28... Rf8 29. Qf5 Kg7 30. Kg2 Bf6 31. b4 Qxb4 $2 (31... Qc8 $1 $14 32. Qf3 Qc3) 32. Be4 $18 {[%csl Ge4][%cal Rf5h7]} Rh8 $2 (32... Rd8 33. Qxh7+ Kf8 34. Rxd8+ Bxd8) 33. Rd7 Qc3 {[#]} 34. Rxa7 $2 (34. Qe6 $1 $18 Rf8 35. Qh3) 34... Qe5 $14 35. Qf3 h6 (35... Rd8 $14) 36. Bd5 $16 Rf8 37. Rb7 b4 38. Rxb4 Rb8 39. Bb7 (39. Rxb8 {looks sharper.} Qxb8 40. Bb3 Qa7 41. Qd5 Bd4 42. a4) 39... Qc3 40. Rb5 {Black is now going downhill.} Qxf3+ 41. Kxf3 $14 {[%mdl 4096] Endgame KRB-KRB} Bd4 42. a4 Bc3 43. Ke4 f6 44. Kd5 Rd8+ 45. Kc4 Bd4 46. f3 Bg1 47. Rb2 f5 48. a5 {[%cal Ba4a5,Ba5a6][%mdl 32]} Rd1 49. a6 Ra1 50. Kd5 Rc1 (50... Kf6 $16 {was worth a try.} 51. Re2 Ra5+ 52. Kd6 h5) 51. Ke6 $18 f4 $2 (51... Kg6 52. Rd2 Ra1) 52. g4 Rc3 53. Be4 Ra3 54. Bb7 (54. Rb7+ $142 Kg8 55. Rb8+ Kg7 56. Bb7) 54... Rc3 $1 55. Ra2 {White is clearly winning.} Ba7 56. Rd2 Ra3 57. Rd7+ Kf8 58. Kf6 {[%cal Rd7d8]} Ke8 (58... Bb6 $142 59. Rd6 Ba5) 59. Bc6 {Intending Rd6+ and mate.} Rxa6 60. Rd6+ Rxc6 61. Rxc6 {Accuracy: White = 70%, Black = 50%.} 1-0

[Event "Irish Championship 2020"]
[Site "Dublin"]
[Date "2020.08.02"]
[Round "2.2"]
[White "Melaugh, Shane"]
[Black "Fitzsimons, David"]
[Result "1-0"]
[WhiteElo "2161"]
[BlackElo "2334"]
[Annotator "TA"]
[PlyCount "75"]
[EventDate "2020.08.01"]
[EventType "swiss"]
[EventCountry "IRL"]
[SourceTitle "playchess.com"]
[Source "ChessBase"]
[SourceQuality "1"]

{[%evp 16,75,24,28,25,14,16,10,17,0,0,-8,6,6,22,10,13,14,13,14,26,-43,-45,-53,-45,-44,-48,-31,-16,-28,0,0,0,-35,-31,-43,-47,-68,0,-26,251,237,252,229,220,21,50,0,0,0,27,16,544,193,29984,29985,29986,29987,29987,29988,29988,29989]} 1. c4 Nf6 2. Nc3 c5 3. g3 g6 4. Bg2 Bg7 5. e3 O-O 6. Nge2 Nc6 7. O-O d6 8. a3 e5 9. Rb1 Be6 {A36: Symmetrical English vs ...g6: 4 Bg2 Bg7.} 10. Nd5 {[#]} Ne7 $146 {[%cal Re7d5]} ({Predecessor:} 10... Bxd5 11. cxd5 Ne7 12. Nc3 a6 13. b4 cxb4 14. Rxb4 Qc7 15. Qb3 Rab8 16. a4 Nd7 17. Ba3 {1-0 (52) Jakel,W (2246)-Weber,S (2160) Frankfurt 2019}) 11. Nec3 Nexd5 {The position is equal.} 12. cxd5 Bd7 13. d3 Qc7 14. Bd2 Rfc8 15. Qe2 b5 16. Rfc1 a5 17. b4 Qb6 18. h3 (18. bxc5 $11 Rxc5 19. d4 exd4 20. exd4) 18... cxb4 $15 19. axb4 a4 20. e4 Rc7 21. Be3 Qa6 (21... Qb8 {keeps more tension.} 22. Ra1 Qc8 23. Bd2 Rb8 24. g4 Ne8) 22. Qd2 Be8 23. Bf1 Nd7 24. f3 Rac8 25. Rc2 f5 26. Bf2 {[#]} fxe4 (26... f4 $1 $15 {[%mdl 512]}) 27. fxe4 (27. dxe4 $5 {[%cal Rf1b5]} Nb6 28. Ra1 $15) 27... Bh6 $2 {[%mdl 8192]} (27... Qb7 $11 {and Black stays safe.}) 28. Qxh6 $18 Rxc3 29. Rxc3 Rxc3 30. Be2 $2 ({White should play} 30. Qh4 $18) 30... a3 {[%cal Ba4a3,Ba3a2][%mdl 32]} 31. Bg4 a2 $1 {[%cal Ra2b1]} 32. Be6+ Bf7 $1 ({Wrong is} 32... Kh8 $2 33. Rf1 $18) 33. Ra1 $1 {Black must now prevent Qh4.} Qa4 $2 {[%mdl 8192]} (33... Rc2 $11 {and Black is okay.}) 34. Qg5 $2 ({Weaker is} 34. Bxd7 Qxb4 35. Rxa2 Qb1+ 36. Be1 Qxe1+ 37. Kg2 Ra3 $11) (34. Bxf7+ Kxf7 35. Qxh7+ Ke8 36. Qxg6+ {[%mdl 64] Double Attack} Ke7 37. Qg5+ Ke8 38. g4) 34... Rc2 $2 {[#]} (34... Rxd3 $18 35. Qe7 {[%mdl 64] Double Attack} Rf3 36. Qxd7 Qb3 37. Bxf7+ Rxf7 38. Qc8+ Kg7) 35. Qd8+ {White mates.} Kg7 36. Qxd7 {[%mdl 64] Double Attack} Rxf2 37. Kxf2 Qc2+ 38. Ke3 {Accuracy: White = 69%, Black = 67%.} 1-0

[Event "Irish Championship 2020"]
[Site "Dublin"]
[Date "2020.08.02"]
[Round "2.3"]
[White "Byrne, Alex"]
[Black "O'Donnell, Conor"]
[Result "0-1"]
[WhiteElo "1976"]
[BlackElo "2304"]
[Annotator "TA"]
[PlyCount "86"]
[EventDate "2020.08.01"]
[EventType "swiss"]
[EventCountry "IRL"]
[SourceTitle "playchess.com"]
[Source "ChessBase"]
[SourceQuality "1"]

{[%evp 9,86,-12,-19,-83,-77,-91,-77,-124,-119,-204,-206,-236,-142,-128,-126,-120,-117,-113,-81,-150,-155,-156,-147,-161,-77,-70,-39,-116,-98,-125,-109,-177,-175,-222,-220,-191,-145,-233,-219,-448,-426,-412,-434,-437,-437,-420,-414,-479,-253,-245,-242,-249,-239,-241,-245,-795,-795,-775,-772,-1351,-1293,-1139,-929,-6619,-6603,-6493,-6107,-3913,-1931,-1167,-947,-6656,-5316,-6520,-6235,-6203,-5614,-1986,-2460]} 1. e4 c5 2. a3 Nc6 3. b4 Nf6 4. b5 Nd4 5. c3 Ne6 {[#]} 6. Qc2 $146 {B20: Sicilian: Unusual White 2nd moves.} (6. e5 $11 {remains equal.} Nd5 7. Nf3) ({Predecessor:} 6. d3 g6 7. g3 Bg7 8. Bg2 O-O 9. Ne2 a6 10. bxa6 Rxa6 11. O-O d6 12. Nd2 {½-½ (51) Nepomniachtchi,I (2751)-Dubov,D (2701) Moscow 2018}) 6... d5 $17 7. d3 {[#]} c4 $1 {[%mdl 512]} 8. exd5 {Black is better.} (8. dxc4 dxe4) 8... cxd3 (8... Nxd5 $6 9. d4 $11) 9. Qd1 (9. Qxd3 $17 {was necessary.} Nc5 10. Qd1) 9... Nc5 $19 (9... Qxd5 10. Qxd3 Nc5 11. Qxd5 $17) (9... Nxd5 10. Bxd3 Ndf4 11. Bf1 $17) 10. c4 Bg4 11. Nf3 e6 12. Bxd3 Qa5+ $1 13. Kf1 O-O-O 14. Bd2 (14. h3 $142 Bxf3 15. Qxf3) 14... Qc7 $1 $17 15. Be2 exd5 16. cxd5 Nce4 ({Don't do} 16... Rxd5 17. h3 $17) (16... Nxd5 $19 {has better winning chances. And now ...g6 would win.} 17. Qc2 g6) 17. Nc3 Bc5 18. Nxe4 {White is on the road to losing.} (18. Rc1 $1 $15) 18... Nxe4 19. Be1 Kb8 20. h3 {[#]} (20. Rc1 $17) 20... Be6 $1 $19 {[%mdl 512]} 21. a4 (21. dxe6 Rxd1) 21... Bxd5 22. Qc2 f5 23. a5 {[#]} (23. h4 $17) 23... g5 $1 24. Bc3 $2 (24. Rc1) 24... Bd6 25. Rc1 Rc8 ({Weaker is} 25... Nxc3 26. Qxc3 Qxc3 27. Rxc3 $19) 26. Bxh8 {aiming for Qxc7+.} Qxc2 27. Rxc2 Rxc2 28. g4 Rc1+ $40 {[%mdl 128] Black goes for the king.} (28... Bc5 $142 29. Rh2 Rc1+ 30. Kg2 Nd2) 29. Kg2 Rxh1 30. Kxh1 Nxf2+ 31. Kg2 {[#]} Nxg4 $1 {[%mdl 512]} 32. hxg4 $2 (32. Kg1 Bc5+ 33. Bd4 Bxd4+ 34. Nxd4) 32... fxg4 {[%mdl 64] Pin. Black is clearly winning.} 33. Bf6 Bf4 (33... gxf3+ $2 34. Bxf3 Bxf3+ 35. Kxf3 $19) 34. a6 h5 35. Kf2 gxf3 36. Bxf3 Bxf3 37. Kxf3 {[%mdl 4096] Endgame KB-KB} b6 38. Bd4 Bd6 (38... Kc8 $142 39. Bf6 Kd7) 39. Bf6 g4+ 40. Kg2 Kc8 41. Bg5 Kd7 42. Be3 Bc7 43. Bg5 Ke6 {Accuracy: White = 34%, Black = 77%.} 0-1

[Event "Irish Championship 2020"]
[Site "Dublin"]
[Date "2020.08.02"]
[Round "2.4"]
[White "Moran, Darragh"]
[Black "Daly, Colm"]
[Result "0-1"]
[WhiteElo "1873"]
[BlackElo "2248"]
[Annotator "TA"]
[PlyCount "68"]
[EventDate "2020.08.01"]
[EventType "swiss"]
[EventCountry "IRL"]
[SourceTitle "playchess.com"]
[Source "ChessBase"]
[SourceQuality "1"]

{[%evp 10,68,3,3,2,-8,27,0,27,20,54,52,46,46,52,47,52,-16,-16,-37,-13,-27,-9,-66,-35,-57,-4,-5,0,0,75,0,7,15,15,0,16,30,32,-20,-17,-710,-750,-743,-738,-739,-465,-727,-729,-814,-657,-652,0,-640,-634,-1071,-1056,-977,-808,-752,-498]} 1. d4 Nf6 2. Nf3 e6 3. g3 b5 4. Bg2 Bb7 5. O-O Be7 6. Nbd2 O-O {A46: 1 d4 Nf6 2 Nf3 e6: Torre, London and Colle Systems.} 7. Re1 d6 8. c3 Nbd7 {The position is equal.} 9. e4 e5 10. Qe2 a6 11. a4 {[#]} Qb8 $146 ({Predecessor:} 11... c6 12. b3 Qb6 13. Bb2 Rfe8 14. Qd3 Bf8 15. Qc2 c5 16. d5 Reb8 17. Bf1 Ne8 {1-0 (41) Sohal,T (2373)-Hui,J (2084) Richmond 2017}) 12. b4 Re8 13. dxe5 ({White should try} 13. Bb2 $14) 13... dxe5 $11 14. Bb2 c6 15. Nb3 c5 16. Nxc5 (16. axb5 $11 axb5 17. Qxb5) 16... Bxc5 17. bxc5 Nxc5 (17... Bxe4 $15 18. axb5 axb5) 18. axb5 Bxe4 19. c4 Nd3 {[#]} (19... axb5 $11 {keeps the balance.} 20. Bxe5 (20. cxb5 Nd3 $11) 20... Bxf3 21. Rxa8 Qxa8 22. Bxf3 Qa3) 20. Red1 ({Don't play} 20. Ng5 Bxg2 21. Qxd3 Bb7 $11) (20. Nxe5 $1 $16 Nxe1 21. Bxe4 Rxe5 22. Bxe5 Qxe5 23. Rxe1 (23. Bxh7+ $2 Kxh7 24. Rxe1 Qxe2 $19) 23... Qxe4 24. Qxe4 Nxe4 25. Rxe4 axb5 26. cxb5) 20... Nxb2 21. Qxb2 Qb7 22. Ne1 Bxg2 23. Nxg2 Ne4 24. Rdb1 (24. Ne3 $14) 24... Rad8 25. bxa6 $2 {[%mdl 8192] [#]} (25. Rd1 $11) 25... Rd1+ $1 $19 {[%mdl 576] Deflection} 26. Rxd1 Qxb2 27. a7 Qxf2+ 28. Kh1 Qb6 {( -> ...Nf2+)} ({Not} 28... Qf3 29. Rf1 $17) 29. Ne3 Qxe3 30. a8=Q {[%cal Ra8e8]} Qf3+ 31. Kg1 {[%cal Ra8e8] [#]} Qxd1+ $1 {[%mdl 512] Black is clearly winning.} 32. Kg2 {[%cal Ra8e8]} (32. Rxd1 Rxa8) 32... Qe2+ 33. Kg1 Qf2+ 34. Kh1 {[#]} Qf1+ $1 {[%mdl 512] Accuracy: White = 53%, Black = 80%.} 0-1

[Event "Irish Championship 2020"]
[Site "Dublin"]
[Date "2020.08.02"]
[Round "2.5"]
[White "Murray, David"]
[Black "Casey, Eoghan"]
[Result "1-0"]
[WhiteElo "2152"]
[BlackElo "1954"]
[Annotator "TA"]
[PlyCount "101"]
[EventDate "2020.08.01"]
[EventType "swiss"]
[EventCountry "IRL"]
[SourceTitle "playchess.com"]
[Source "ChessBase"]
[SourceQuality "1"]

{[%evp 22,101,71,72,73,87,84,52,52,54,68,55,99,89,77,84,103,88,147,147,135,134,136,82,75,73,120,131,155,124,163,178,283,270,279,278,277,257,324,270,371,0,362,358,347,323,387,343,487,495,407,405,1284,1300,1293,1251,1177,1175,1722,1419,1981,1934,2834,2654,29976,29976,29983,29984,29984,29985,29985,29980,29980,29981,29981,29982,29982,29983,29988,29989,29992,29993]} 1. e4 c5 2. Nf3 d6 3. d4 cxd4 4. Nxd4 Nf6 5. f3 e5 6. Bb5+ Bd7 7. Bxd7+ Qxd7 8. Nf5 d5 9. Bg5 dxe4 10. Bxf6 Qxd1+ 11. Kxd1 gxf6 12. fxe4 Rg8 {[#] is the legacy move (12...Nc6). B55: Sicilian: 2...d6 3 d4 cxd4 4 Nxd4 Nf6 5 f3.} 13. g3 $1 Nc6 14. Nc3 O-O-O+ {White is slightly better.} 15. Nd5 Rg4 16. Re1 Nb4 17. h3 Rg5 18. c4 Bc5 19. Re2 Nd3 ({Better is} 19... Kb8) 20. Kc2 $16 Nb4+ 21. Nxb4 Bxb4 22. Rd1 (22. a3 $142 Bc5 23. b4) 22... Rxd1 23. Kxd1 {[%mdl 4096] [#] Endgame KRB-KRN} Rg8 $146 ({Predecessor:} 23... a5 24. Re3 Kd7 25. Rd3+ Kc7 26. Ke2 Rg8 27. Kf3 Bc5 28. Nh6 Rg6 29. Rd5 Rxh6 30. Rxc5+ {1-0 (52) Jurcik,M (2214)-Dusik,T (2154) Slovakia 2003}) 24. Kc2 a5 25. Rd2 Rd8 26. Rd5 Rxd5 (26... b6 {is a better defense.} 27. Kb3 Rxd5 28. cxd5 b5) 27. exd5 $18 {KB-KN} ({Weaker is} 27. cxd5 a4 $16) 27... Kd7 28. Kd3 Be1 29. g4 Bb4 30. Ke4 Bf8 31. Kd3 $2 {[#]} (31. Ng3 $18) 31... Kc7 $2 {[%mdl 8192]} (31... Bb4 $1 $11) 32. Ng3 b6 33. Ne4 Bg7 34. Kc2 Kd7 (34... f5 $142) 35. Kb3 h5 36. Ka4 hxg4 (36... f5 $142) 37. hxg4 Kc7 38. Kb5 Bf8 39. Nxf6 Be7 40. Ne4 Bd6 41. a3 {[%cal Ba2a3,Ba3b4,Bb4c5,Bc5c6][%mdl 32]} Bf8 42. b4 axb4 43. axb4 {White mates.} Be7 44. c5 bxc5 45. bxc5 Kb7 46. d6 Bd8 47. c6+ Kc8 48. Kc4 Bb6 49. Kd5 Bd4 50. Ng5 f6 51. d7+ {Accuracy: White = 88%, Black = 42%.} 1-0